[Event "Titled Tuesday intern op 30th Apr Early"]
[Site "Chess.com INT"]
[Date "2024.04.30"]
[Round "3"]
[White "Chan, Kim Yew"]
[Black "Eisa Mohmood, Alkhoori"]
[Result "1-0"]
[WhiteElo "2271"]
[BlackElo "1714"]
[PlyCount "85"]
[EventDate "2024.04.30"]
[EventType "swiss (blitz)"]
[EventRounds "11"]
[EventCountry "USA"]
[SourceTitle "CB19_2024"]
[SourceDate "2024.05.08"]
[SourceVersion "1"]
[SourceVersionDate "2024.05.08"]
[SourceQuality "1"]

1. e4 c5 2. Nf3 d6 3. d4 cxd4 4. Nxd4 Nf6 5. Nc3 g6 6. Be3 Bg7 7. f3 0-0 8. Qd2 Nc6 9. Bc4 Bd7 10. h4 Rc8 11. Bb3 Ne5 12. 0-0-0 h5 13. g4 hxg4 14. h5 Nxh5 15. f4 Nc4 16. Bxc4 Rxc4 17. f5 Rxc3 18. Qxc3 Ng3 19. fxg6 Ne2+ 20. Nxe2 Bxc3 21. Nxc3 fxg6 22. Bd4 e5 23. Bxa7 Be6 24. Kb1 b6 25. Nb5 g3 26. Rxd6 g2 27. Rc1 Qg5 28. Rdd1 Bc4 29. Nd6 Be2 30. Re1 Rf1 31. Bxb6 g1Q 32. Bxg1 Qxg1 33. Rxf1 Bxf1 34. Nc4 Qf2 35. Nxe5 g5 36. Ng4 Qf4 37. e5 Bc4 38. Nf6+ Kf7 39. b3 Be6 40. Re1 g4 41. Nh5 Qf2 42. Re4 g3 43. Rf4+ 1-0

[Event "Titled Tuesday intern op 16th Apr Late"]
[Site "Chess.com INT"]
[Date "2024.04.16"]
[Round "11"]
[White "Eisa Mohmood, Alkhoori"]
[Black "Rohwer, Paul"]
[Result "1-0"]
[WhiteElo "1714"]
[BlackElo "2225"]
[PlyCount "105"]
[EventDate "2024.04.16"]
[EventType "swiss (blitz)"]
[EventRounds "11"]
[EventCountry "USA"]
[SourceTitle "CB17_2024"]
[SourceDate "2024.04.24"]
[SourceVersion "1"]
[SourceVersionDate "2024.04.24"]
[SourceQuality "1"]

1. e4 c5 2. Nf3 d6 3. d4 cxd4 4. Nxd4 Nf6 5. Nc3 e5 6. Nb3 Be6 7. Be3 Be7 8. f3 0-0 9. Qd2 a6 10. 0-0-0 b5 11. Kb1 b4 12. Nd5 Bxd5 13. exd5 a5 14. Nc1 Nbd7 15. Bb5 Nb6 16. Bc6 Nc4 17. Qe2 Nxe3 18. Qxe3 Rb8 19. h3 Nd7 20. Bxd7 Qxd7 21. h4 f5 22. g4 fxg4 23. fxg4 Rf4 24. g5 Rbf8 25. Nd3 Rf3 26. Qb6 e4 27. Nc1 Bd8 28. Qd4 e3 29. Rde1 Re8 30. Rhf1 Qf5 31. Rxf3 Qxf3 32. Nd3 e2 33. Qf2 Qxf2 34. Nxf2 Bb6 35. Nd3 Re4 36. Nc1 Bf2 37. Rxe2 Rxe2 38. Nxe2 Bxh4 39. g6 hxg6 40. c4 bxc3 41. bxc3 g5 42. c4 g4 43. Kc2 g3 44. Kd3 g2 45. Ke3 Bd8 46. Kf3 Bb6 47. Kxg2 Kf7 48. Kf3 Kf6 49. Ke4 g5 50. Ng3 Bc5 51. a4 Kg6 52. Kf3 Kf6 53. Ne4+ 1-0

[Event "Titled Tuesday intern op 20th Jun Early"]
[Site "Chess.com INT"]
[Date "2023.06.20"]
[Round "1"]
[White "Girya, Olga"]
[Black "Eisa Mohmood, Alkhoori"]
[Result "1-0"]
[WhiteElo "2402"]
[BlackElo "1070"]
[PlyCount "45"]
[EventDate "2023.06.20"]
[EventType "swiss (blitz)"]
[EventRounds "11"]
[EventCountry "USA"]
[SourceTitle "EXT 2024"]
[Source "ChessBase"]
[SourceDate "2023.10.10"]
[SourceVersion "1"]
[SourceVersionDate "2023.10.10"]
[SourceQuality "1"]

1. d4 Nf6 2. Nf3 g6 3. Bg5 Bg7 4. Nbd2 d5 5. Bxf6 Bxf6 6. e4 dxe4 7. Nxe4 Bg7 8. Bc4 0-0 9. c3 Nd7 10. 0-0 Nf6 11. Qe2 b6 12. Ne5 Bb7 13. Nxf7 Rxf7 14. Bxf7+ Kxf7 15. Ng5+ Ke8 16. Ne6 Qd5 17. Nxc7+ Kd7 18. Nxd5 Bxd5 19. c4 Bb7 20. d5 Rf8 21. Rfe1 Rf7 22. Qe6+ Ke8 23. d6 1-0

[Event "Titled Tuesday intern op 13th Jun Late"]
[Site "Chess.com INT"]
[Date "2023.06.13"]
[Round "8"]
[White "Eisa Mohmood, Alkhoori"]
[Black "Fuentes Godoy, Lilia Ivonne"]
[Result "0-1"]
[WhiteElo "1070"]
[BlackElo "2196"]
[PlyCount "42"]
[EventDate "2023.06.13"]
[EventType "swiss (blitz)"]
[EventRounds "11"]
[EventCountry "USA"]
[SourceTitle "EXT 2024"]
[Source "ChessBase"]
[SourceDate "2023.10.10"]
[SourceVersion "1"]
[SourceVersionDate "2023.10.10"]
[SourceQuality "1"]

1. e4 c5 2. Nf3 Nc6 3. d4 cxd4 4. Nxd4 e5 5. Nb5 a6 6. Nd6+ Bxd6 7. Qxd6 Qe7 8. Qd1 Nf6 9. Nc3 d6 10. Bg5 Be6 11. Be2 Nd4 12. 0-0 Rc8 13. Bd3 h6 14. Bh4 g5 15. Bg3 h5 16. h4 Rg8 17. hxg5 Rxg5 18. Bh4 Rg4 19. Bxf6 Qxf6 20. Ne2 Nf3+ 21. Kh1 Qh4# 0-1

[Event "Titled Tuesday intern op 02nd May Late"]
[Site "Chess.com INT"]
[Date "2023.05.02"]
[Round "9"]
[White "Eisa Mohmood, Alkhoori"]
[Black "Gabdushev, Ruslan"]
[Result "0-1"]
[WhiteElo "1095"]
[BlackElo "2256"]
[PlyCount "64"]
[EventDate "2023.05.02"]
[EventType "swiss (blitz)"]
[EventRounds "11"]
[EventCountry "USA"]
[SourceTitle "EXT 2024"]
[Source "ChessBase"]
[SourceDate "2023.10.10"]
[SourceVersion "1"]
[SourceVersionDate "2023.10.10"]
[SourceQuality "1"]

1. e4 Nc6 2. d4 d5 3. e5 Bf5 4. Nf3 Qd7 5. Bb5 a6 6. Ba4 e6 7. 0-0 Nge7 8. Re1 Nc8 9. c3 Nb6 10. Bc2 Bxc2 11. Qxc2 h6 12. a4 Be7 13. a5 Nc8 14. b3 N6a7 15. Nbd2 c5 16. dxc5 Bxc5 17. b4 Be7 18. Bb2 0-0 19. Rad1 Qc7 20. Qb3 Nc6 21. Rc1 N8a7 22. c4 dxc4 23. Nxc4 Bxb4 24. Nb6 Bxe1 25. Nxa8 Rxa8 26. Nxe1 Nb5 27. Nd3 Qxa5 28. Nc5 Nd8 29. Rd1 Rc8 30. Ne4 Nc6 31. Qg3 Rd8 32. Re1 Qxe1# 0-1

[Event "Titled Tuesday intern op 18th Apr Late"]
[Site "Chess.com INT"]
[Date "2023.04.18"]
[Round "2"]
[White "Davidson, Kevin"]
[Black "Eisa Mohmood, Alkhoori"]
[Result "1-0"]
[WhiteElo "2154"]
[BlackElo "1095"]
[PlyCount "119"]
[EventDate "2023.04.18"]
[EventType "swiss (blitz)"]
[EventRounds "11"]
[EventCountry "USA"]
[SourceTitle "EXT 2024"]
[Source "ChessBase"]
[SourceDate "2023.10.10"]
[SourceVersion "1"]
[SourceVersionDate "2023.10.10"]
[SourceQuality "1"]

1. e4 c5 2. Nf3 d6 3. d4 cxd4 4. Nxd4 Nf6 5. Nc3 g6 6. Be3 Bg7 7. f3 0-0 8. Qd2 Nc6 9. 0-0-0 d5 10. Qe1 e5 11. Nxc6 bxc6 12. exd5 cxd5 13. Bg5 Be6 14. Bc4 Qc7 15. Bxf6 dxc4 16. Bxg7 Kxg7 17. Nd5 Qb8 18. Qa5 Rd8 19. Nc7 c3 20. bxc3 Qb6 21. Qxb6 axb6 22. Nxa8 Rxa8 23. Rhe1 Kf6 24. Rd6 b5 25. Rb6 Ra5 26. a3 Kf5 27. Kb2 h5 28. Re4 Bd5 29. Rb4 Bc4 30. a4 Rxa4 31. Rxa4 bxa4 32. Rb4 Bf1 33. g3 Bg2 34. f4 f6 35. fxe5 fxe5 36. Rxa4 e4 37. Kc1 e3 38. Kd1 Be4 39. Rxe4 Kxe4 40. Ke2 g5 41. c4 Kd4 42. c5 Kxc5 43. Kxe3 h4 44. g4 Kc4 45. Ke4 Kc3 46. Kf5 Kxc2 47. Kxg5 h3 48. Kh4 Kd3 49. Kxh3 Kd4 50. Kh4 Ke5 51. Kg5 Ke6 52. Kg6 Ke7 53. Kg7 Ke6 54. g5 Kf5 55. g6 Kg5 56. Kf7 Kh4 57. g7 Kh3 58. g8Q Kh4 59. Kf6 Kh5 60. Qg5# 1-0

[Event "Titled Tuesday intern op 03rd Jan Early"]
[Site "Chess.com INT"]
[Date "2023.01.03"]
[Round "11"]
[White "Eisa Mohmood, Alkhoori"]
[Black "Lauridsen, Jesper Morch"]
[Result "0-1"]
[WhiteElo "1079"]
[BlackElo "2250"]
[PlyCount "32"]
[EventDate "2023.01.03"]
[EventType "swiss (blitz)"]
[EventRounds "11"]
[EventCountry "USA"]
[SourceTitle "EXT 2024"]
[Source "ChessBase"]
[SourceDate "2023.10.10"]
[SourceVersion "1"]
[SourceVersionDate "2023.10.10"]
[SourceQuality "1"]

1. d4 Nf6 2. g3 g6 3. Bg2 Bg7 4. e4 d6 5. Ne2 0-0 6. 0-0 e5 7. c4 exd4 8. Nxd4 Nbd7 9. Nc3 Nc5 10. b4 Ne6 11. Nde2 c6 12. Bb2 Ng4 13. Bh3 Ne5 14. Qb3 Nf3+ 15. Kh1 Ned4 16. Nxd4 Nxd4 0-1

[Event "Titled Tuesday intern op 03rd Jan Late"]
[Site "Chess.com INT"]
[Date "2023.01.03"]
[Round "6"]
[White "Eisa Mohmood, Alkhoori"]
[Black "Martinez Reyes, Pedro Ramon"]
[Result "0-1"]
[WhiteElo "1079"]
[BlackElo "2389"]
[PlyCount "54"]
[EventDate "2023.01.03"]
[EventType "swiss (blitz)"]
[EventRounds "11"]
[EventCountry "USA"]
[SourceTitle "EXT 2024"]
[Source "ChessBase"]
[SourceDate "2023.10.10"]
[SourceVersion "1"]
[SourceVersionDate "2023.10.10"]
[SourceQuality "1"]

1. e4 e6 2. d4 d5 3. e5 c5 4. c3 Qb6 5. Nf3 Bd7 6. Bd3 Bb5 7. 0-0 Bxd3 8. Qxd3 Qa6 9. Qe3 cxd4 10. cxd4 Nc6 11. Nc3 Nge7 12. h4 Nf5 13. Qf4 h5 14. Nxd5 0-0-0 15. Nc3 Ncxd4 16. Nxd4 Rxd4 17. Ne4 Qc4 18. f3 Bc5 19. Be3 Rxe4 20. fxe4 Bxe3+ 21. Qxe3 Nxe3 22. Rac1 Nc2 23. Rf2 Kb8 24. Rcxc2 Qd4 25. Rce2 Rc8 26. Kh2 Qxe5+ 27. g3 f6 0-1

[Event "Titled Tuesday intern op 03rd Jan Late"]
[Site "Chess.com INT"]
[Date "2023.01.03"]
[Round "4"]
[White "Eisa Mohmood, Alkhoori"]
[Black "Saya, Ethan"]
[Result "1-0"]
[WhiteElo "1079"]
[BlackElo "2104"]
[PlyCount "127"]
[EventDate "2023.01.03"]
[EventType "swiss (blitz)"]
[EventRounds "11"]
[EventCountry "USA"]
[SourceTitle "EXT 2024"]
[Source "ChessBase"]
[SourceDate "2023.10.10"]
[SourceVersion "1"]
[SourceVersionDate "2023.10.10"]
[SourceQuality "1"]

1. d4 Nf6 2. g3 g6 3. Bg2 Bg7 4. Nf3 0-0 5. 0-0 c5 6. d5 d6 7. Nc3 a6 8. a4 Bf5 9. Re1 Ne4 10. Nb1 Nd7 11. Nh4 b5 12. g4 Nxf2 13. Kxf2 Bxg4 14. axb5 e5 15. Nf3 Bxf3 16. exf3 Qh4+ 17. Kg1 axb5 18. Rxa8 Rxa8 19. Nc3 b4 20. Ne4 Ra6 21. Qe2 Rb6 22. Bg5 Qh5 23. Be7 Bf8 24. Nf6+ Nxf6 25. Bxf6 Bg7 26. Bxg7 Kxg7 27. f4 Qxe2 28. Rxe2 f6 29. fxe5 fxe5 30. Rf2 Ra6 31. Bh3 Ra1+ 32. Kg2 Ra2 33. b3 h5 34. Be6 Kh6 35. h4 g5 36. hxg5+ Kxg5 37. Bf5 c4 38. bxc4 b3 39. cxb3 Rxf2+ 40. Kxf2 Kxf5 41. b4 Kf6 42. c5 Ke7 43. c6 h4 44. Kf3 Kd8 45. Kg4 Kc7 46. Kxh4 Kb6 47. Kg5 Kc7 48. Kf5 Kd8 49. b5 Kc7 50. Ke4 Kb6 51. Kd3 Kc7 52. Kc4 Kb6 53. Kb4 Kc7 54. Ka5 Kb8 55. b6 Kc8 56. Kb4 Kb8 57. Kc4 Kc8 58. Kd3 Kd8 59. b7 Kc7 60. Kc4 Kb8 61. Kb4 Kc7 62. Kb5 Kb8 63. Kb6 e4 64. c7# 1-0

[Event "Titled Tuesday intern op 03rd Jan Late"]
[Site "Chess.com INT"]
[Date "2023.01.03"]
[Round "2"]
[White "Graif, William"]
[Black "Eisa Mohmood, Alkhoori"]
[Result "1/2-1/2"]
[WhiteElo "2305"]
[BlackElo "1079"]
[PlyCount "131"]
[EventDate "2023.01.03"]
[EventType "swiss (blitz)"]
[EventRounds "11"]
[EventCountry "USA"]
[SourceTitle "EXT 2024"]
[Source "ChessBase"]
[SourceDate "2023.10.10"]
[SourceVersion "1"]
[SourceVersionDate "2023.10.10"]
[SourceQuality "1"]

1. e4 c5 2. Nc3 Nc6 3. Bb5 Nd4 4. Nf3 Nxb5 5. Nxb5 a6 6. Nc3 e6 7. d4 cxd4 8. Qxd4 d6 9. Bg5 Nf6 10. 0-0-0 h6 11. Bf4 Be7 12. Bxd6 0-0 13. Bxe7 Qxe7 14. e5 Nd5 15. Nxd5 exd5 16. Qxd5 Bf5 17. Qd6 Qe8 18. Nd4 Rd8 19. Nxf5 Rxd6 20. exd6 Qe4 21. d7 Rd8 22. Rhe1 Qxf5 23. Re8+ Kh7 24. Rxd8 Qg5+ 25. f4 Qxd8 26. c4 Kg6 27. b4 Kf6 28. c5 Ke6 29. a4 g5 30. g3 f6 31. b5 axb5 32. axb5 f5 33. Rd6+ Ke7 34. Kc2 b6 35. Rd5 bxc5 36. b6 Ke6 37. Rd2 Qxd7 38. Rxd7 Kxd7 39. fxg5 hxg5 40. h4 f4 41. b7 Kc7 42. b8Q+ Kxb8 43. h5 fxg3 44. h6 g2 45. h7 g1Q 46. h8Q+ Kb7 47. Qg7+ Kc6 48. Qf6+ Kd5 49. Qf5+ Kc6 50. Qe6+ Kb5 51. Qb3+ Ka5 52. Qa3+ Kb6 53. Qb3+ Kc7 54. Qf7+ Kd6 55. Qf6+ Kd7 56. Qf7+ Kd6 57. Qf6+ Kc7 58. Qe7+ Kb6 59. Qe6+ Ka5 60. Qa2+ Kb5 61. Qb3+ Kc6 62. Qe6+ Kc7 63. Qe7+ Kc8 64. Qe8+ Kb7 65. Qe7+ Kc6 66. Qe6+ 1/2-1/2

[Event "Titled Tuesday intern op 03rd Jan Late"]
[Site "Chess.com INT"]
[Date "2023.01.03"]
[Round "7"]
[White "Horcajuelo Rocamora, Martin"]
[Black "Eisa Mohmood, Alkhoori"]
[Result "1-0"]
[WhiteElo "2143"]
[BlackElo "1079"]
[PlyCount "129"]
[EventDate "2023.01.03"]
[EventType "swiss (blitz)"]
[EventRounds "11"]
[EventCountry "USA"]
[SourceTitle "EXT 2024"]
[Source "ChessBase"]
[SourceDate "2023.10.10"]
[SourceVersion "1"]
[SourceVersionDate "2023.10.10"]
[SourceQuality "1"]

1. e4 c5 2. Nf3 d6 3. d4 cxd4 4. Nxd4 Nf6 5. Nc3 g6 6. Be3 Bg7 7. f3 0-0 8. Qd2 Nc6 9. 0-0-0 d5 10. Nxc6 bxc6 11. exd5 Nxd5 12. Bd4 e5 13. Bc5 Be6 14. Ne4 Re8 15. c4 Nf4 16. Qxd8 Rexd8 17. g3 Rxd1+ 18. Kxd1 Rd8+ 19. Kc2 Nh5 20. Be2 Bh6 21. Bxa7 f5 22. Nc5 Rd2+ 23. Kc3 Bc8 24. Bd1 Rg2 25. Nd3 Bd2+ 26. Kb3 e4 27. fxe4 fxe4 28. Ne1 Bxe1 29. Rxe1 Nf6 30. Bd4 Kf7 31. Bxf6 Kxf6 32. Rxe4 Rxh2 33. Bf3 Rh3 34. Rf4+ Ke7 35. Bxc6 Rxg3+ 36. Kb4 g5 37. Re4+ Kd6 38. Bd5 h5 39. Re8 Bd7 40. Rh8 h4 41. Rh6+ Kc7 42. Kc5 h3 43. Rh7 g4 44. Be6 Rd3 45. Bxg4 h2 46. Bxd7 h1Q 47. Rxh1 Rxd7 48. b4 Kb7 49. b5 Ka7 50. a4 Rb7 51. a5 Rb8 52. Rh7+ Ka8 53. Kb4 Rc8 54. c5 Rb8 55. b6 Rb7 56. Rxb7 Kxb7 57. Kb5 Ka8 58. Ka6 Kb8 59. b7 Kc7 60. Ka7 Kd7 61. b8Q Kc6 62. Qb6+ Kd7 63. c6+ Kc8 64. Qb7+ Kd8 65. Qd7# 1-0

[Event "Titled Tuesday intern op 03rd Jan Early"]
[Site "Chess.com INT"]
[Date "2023.01.03"]
[Round "4"]
[White "Turzo, Attila"]
[Black "Eisa Mohmood, Alkhoori"]
[Result "1-0"]
[WhiteElo "2291"]
[BlackElo "1079"]
[PlyCount "27"]
[EventDate "2023.01.03"]
[EventType "swiss (blitz)"]
[EventRounds "11"]
[EventCountry "USA"]
[SourceTitle "EXT 2024"]
[Source "ChessBase"]
[SourceDate "2023.10.10"]
[SourceVersion "1"]
[SourceVersionDate "2023.10.10"]
[SourceQuality "1"]

1. d4 Nf6 2. Bf4 d5 3. e3 c5 4. c3 Nc6 5. Nd2 Bf5 6. Ngf3 e6 7. Be2 Qb6 8. Qc1 h6 9. 0-0 Be7 10. a4 0-0 11. a5 Nxa5 12. dxc5 Nb3 13. Nxb3 Qxb3 14. Nd4 1-0

[Event "Titled Tuesday intern op 13th Dec Late"]
[Site "Chess.com INT"]
[Date "2022.12.13"]
[Round "6"]
[White "Eisa Mohmood, Alkhoori"]
[Black "Levine, David M"]
[Result "1-0"]
[WhiteElo "1095"]
[BlackElo "2068"]
[PlyCount "59"]
[EventDate "2022.12.13"]
[EventType "swiss (blitz)"]
[EventRounds "11"]
[EventCountry "USA"]
[SourceTitle "EXT 2024"]
[Source "ChessBase"]
[SourceDate "2023.10.10"]
[SourceVersion "1"]
[SourceVersionDate "2023.10.10"]
[SourceQuality "1"]

1. e4 e5 2. Nf3 Nc6 3. Bb5 a6 4. Ba4 Nf6 5. d4 b5 6. Bb3 exd4 7. 0-0 Be7 8. Re1 d6 9. h3 0-0 10. c3 dxc3 11. Nxc3 Bb7 12. Bf4 Nd7 13. Nd5 Nde5 14. Rc1 Nxf3+ 15. Qxf3 Nd4 16. Qc3 Nxb3 17. Nxe7+ Qxe7 18. Qxc7 Qf6 19. axb3 Qxf4 20. Qxb7 Qe5 21. Rc2 Rfe8 22. Rec1 h6 23. Rc8 Raxc8 24. Rxc8 Rxc8 25. Qxc8+ Kh7 26. Qxa6 Qxe4 27. Qxb5 Qe1+ 28. Kh2 Qe5+ 29. Qxe5 dxe5 30. b4 1-0

[Event "Titled Tuesday intern op 01st Nov Early"]
[Site "Chess.com INT"]
[Date "2022.11.01"]
[Round "1"]
[White "Barria Zuniga, Daniel"]
[Black "Eisa Mohmood, Alkhoori"]
[Result "0-1"]
[WhiteElo "2341"]
[BlackElo "1066"]
[PlyCount "38"]
[EventDate "2022.11.01"]
[EventType "swiss (blitz)"]
[EventRounds "11"]
[EventCountry "USA"]
[SourceTitle "EXT 2024"]
[Source "ChessBase"]
[SourceDate "2023.10.10"]
[SourceVersion "1"]
[SourceVersionDate "2023.10.10"]
[SourceQuality "1"]

1. d4 Nf6 2. c4 g6 3. Nc3 d5 4. Bf4 Bg7 5. e3 0-0 6. Rc1 c6 7. h3 a6 8. Nf3 dxc4 9. Bxc4 b5 10. Bd3 Bb7 11. 0-0 Nbd7 12. a4 b4 13. Ne4 Nxe4 14. Bxe4 Rc8 15. Qb3 a5 16. Rfd1 e6 17. Bd6 Re8 18. Ne5 Nf6 19. Nxc6 Qxd6 0-1

[Event "Titled Tuesday intern op 18th Oct Late"]
[Site "Chess.com INT"]
[Date "2022.10.18"]
[Round "2"]
[White "Zou, Chen"]
[Black "Eisa Mohmood, Alkhoori"]
[Result "0-1"]
[WhiteElo "2425"]
[BlackElo "1066"]
[PlyCount "62"]
[EventDate "2022.10.18"]
[EventType "swiss (blitz)"]
[EventRounds "11"]
[EventCountry "USA"]
[SourceTitle "EXT 2024"]
[Source "ChessBase"]
[SourceDate "2023.10.10"]
[SourceVersion "1"]
[SourceVersionDate "2023.10.10"]
[SourceQuality "1"]

1. d4 Nf6 2. c4 g6 3. Nc3 d5 4. cxd5 Nxd5 5. e4 Nxc3 6. bxc3 Bg7 7. Bc4 c5 8. Ne2 Nc6 9. Be3 0-0 10. h4 cxd4 11. cxd4 Qa5+ 12. Bd2 Qh5 13. d5 Ne5 14. Bb3 Bg4 15. Bc3 Bxe2 16. Qxe2 Nf3+ 17. Kd1 Bxc3 18. Rc1 Qe5 19. gxf3 Qd4+ 20. Kc2 Rfc8 21. Kb1 a5 22. a4 Qb4 23. Qb5 Qa3 24. Ba2 Bd2 25. Rcd1 Bb4 26. Rc1 Qxf3 27. Bc4 Rc5 28. Qxb7 Rac8 29. Qa6 Rb8 30. Bb5 Qb3+ 31. Ka1 Rc3 0-1

[Event "Titled Tuesday intern op 11th Oct Late"]
[Site "Chess.com INT"]
[Date "2022.10.11"]
[Round "10"]
[White "Eisa Mohmood, Alkhoori"]
[Black "Ovezdurdiyeva, Jemal"]
[Result "1-0"]
[WhiteElo "1066"]
[BlackElo "2061"]
[PlyCount "57"]
[EventDate "2022.10.11"]
[EventType "swiss (blitz)"]
[EventRounds "11"]
[EventCountry "USA"]
[SourceTitle "EXT 2024"]
[Source "ChessBase"]
[SourceDate "2023.10.10"]
[SourceVersion "1"]
[SourceVersionDate "2023.10.10"]
[SourceQuality "1"]

1. Nf3 Nf6 2. Ng1 e6 3. Nf3 d5 4. Ng1 Bd6 5. Nf3 c5 6. Ng1 Nc6 7. Nf3 0-0 8. e3 e5 9. d4 cxd4 10. exd4 e4 11. Nh4 Ng4 12. g3 Qf6 13. Be3 Nxe3 14. fxe3 Qg5 15. Qd2 Bg4 16. Be2 Rac8 17. a3 Ne7 18. Nc3 a6 19. Bxg4 Qxg4 20. Qe2 Qh3 21. Qg2 Qe6 22. Qe2 Nc6 23. 0-0 Na5 24. Nf5 Nc4 25. Qg4 g6 26. Nh6+ Kg7 27. Rxf7+ Qxf7 28. Nxf7 Rxf7 29. Qxc8 1-0